How poets see the world (Record no. 38141)
[ view plain ]
| 000 -LEADER | |
|---|---|
| fixed length control field | 02024nam a2200421 a 4500 |
| 082 04 - DEWEY DECIMAL CLASSIFICATION NUMBER | |
| Classification number | 811.009/22 |
| 100 1# - MAIN ENTRY--AUTHOR NAME | |
| Personal name | Spiegelman, Willard. |
| 245 10 - TITLE STATEMENT | |
| Title | How poets see the world |
| 260 ## - PUBLICATION, DISTRIBUTION, ETC. (IMPRINT) | |
| Place of publication | New York : |
| Name of publisher | Oxford University Press, |
| Year of publication | 2005. |
| 300 ## - PHYSICAL DESCRIPTION | |
| Number of Pages | xi, 238 p. |
| 505 0# - FORMATTED CONTENTS NOTE | |
| Formatted contents note | The way things look each day : how poets see the world -- Just looking : Charles Tomlinson and the "labour of observation" -- What to make of an augmented thing : Amy Clampitt's syntactic dramas -- Charles Wright and "the metaphysics of the quotidian" -- A space for boundless revery : varieties of ekphrastic experience -- John Ashbery's haunted landscapes -- Jorie Graham's "new way of looking". |
| 650 #0 - SUBJECT ADDED ENTRY--TOPICAL TERM | |
| Topical Term | American poetry |
| Topical Term | Vision in literature. |
| Topical Term | Description (Rhetoric) |
| Topical Term | Art and literature |
| Topical Term | Visual perception in literature. |
| Topical Term | Landscapes in literature. |
| Topical Term | Nature in literature. |
| Topical Term | Art in literature. |
| Topical Term | Ekphrasis. |
| 856 40 - ELECTRONIC LOCATION AND ACCESS | |
| Uniform Resource Identifier | http://site.ebrary.com/lib/rucke/Doc?id=10233588 |
No items available.
